The new century Bible commentary

שמור ב:
מידע ביבליוגרפי
מחבר ראשי: Bruece, Frederick Fyvie
פורמט: ספר
שפה:אנגלית
יצא לאור: Eerdmans. 1980.
נושאים:
תגים: הוספת תג
אין תגיות, היה/י הראשונ/ה לתייג את הרשומה!

MARC

LEADER 00000nam a22000005a 4500
001 8755
003 CL-ChBUA
005 20170831124716.0
007 ta
008 070301s1980 xxu 000 0 eng
040 |a CL-ChBUA  |c CL-ChBUA  |e rda 
082 0 0 |a 227.2 
100 1 |a Bruece, Frederick Fyvie. 
245 1 0 |a The new century Bible commentary 
260 |b Eerdmans.  |c 1980. 
300 |a 262 p.  |c 20 cm. 
504 |a Indice. 
630 4 |a BIBLIA  |x NUEVO TESTAMENTO  |x COMENTARIOS 
650 4 |a I Y II CORINTIOS (EPISTOLA)   |x COMENTARIOS 
942 |c LIB  |2 ddc 
945 |0 nac 
952 |0 0  |1 0  |4 0  |7 0  |9 13083  |a UNACH  |b UNACH  |c 200  |d 2007-03-05  |i 18.682.  |l 1  |o 227.2 / B 889.  |p 14082  |r 2024-06-12 00:00:00  |s 2018-10-16  |u 13083  |w 2012-08-08  |y LIB  |k 227.2 / B 889. 
999 |c 8755  |d 8755